Statistiken für Formel 1 Podium 2022

Klicken Sie hier um das Quiz zu spielen!

Allgemein

  • Dieses Quiz wurde 1.145 mal gespielt
  • Das Durchschnittsergebnis liegt bei 7 aus 7

Antwortstatistiken

Antwort% Korrekt
Max Verstappen
100%
Charles Leclerc
99%
Lewis Hamilton
99%
Sergio Perez
98%
Carlos Sainz
97%
Lando Norris
94%
George Russell
90%

Verteilung der Resultate

Perzentil nach korrekt beantworteten Fragen

Anzahl Personen mit jedem Resultat

Ihre Resultats-Entwicklung

Sie haben dieses Quiz noch nicht gespielt